Saponíny výskyt, vlastnosti a možnosti využitia vo farmácii

Bibliographic Details
Main Authors: Mučaji, Pavel, 1929-2014 (Author), Nagy, Milan, 1957- (Author)
Format: Book
Language:Slovak
PhysicalDescription:134 s. fotogr., sch., tab. 24 cm
Published: Martin Osveta 2010
ISBN:9788080633462
Edition:[1. vyd.]
Subjects:

MARC

LEADER 00000nam a2200000 a 4500
001 vtls010272799
003 SK-MaSNL
005 20260301031706.0
008 240314s2010 xo ol f bi 001 0 slo
015 |a SNBA2011/08-04546 
020 |a 9788080633462 
035 |a 8ADA4639-15D3-4501-B04B-60F97036EAE9 
035 |a urn:nbn:sk:snk-amjhn3 
035 |a urn:nbn:sk:snk-am000wib 
040 |a SNK  |b slo  |c SNK  |e AACR2 
041 0 |a slo 
044 |a xo  |c SK 
072 7 |a 615  |x Farmácia. Farmakológia  |2 konspekt 
072 7 |a 547  |x Organická chémia  |2 konspekt 
080 |a 615.322  |2 2001 
080 |a 547.9  |2 2001 
080 |a 547.918  |2 2001 
080 |a (048.8)  |2 2001 
100 1 |a Mučaji, Pavel,  |d 1929-2014  |4 aut  |9 159590 
245 1 0 |a Saponíny  |b výskyt, vlastnosti a možnosti využitia vo farmácii  |c Pavel Mučaji, Milan Nagy 
250 |a [1. vyd.] 
260 |a Martin  |b Osveta  |c 2010 
300 |a 134 s.  |b fotogr., sch., tab.  |c 24 cm 
504 |a Bibliogr. s. 116-127. Reg. Zoz. skrat. 
650 0 7 |a rastlinné drogy  |2 SNKPH  |9 315991 
650 0 7 |a glykozidy  |2 SNKPH  |9 327616 
650 0 7 |a saponíny  |2 SNKPH  |9 18282 
650 0 7 |a Herbal drugs  |2 SNKPHeng  |9 327617 
650 0 7 |a Glycosides  |2 SNKPHeng  |9 327618 
650 0 7 |a Saponins  |2 SNKPHeng  |9 327619 
650 0 7 |a terapeutické účinky  |2 SNKPH  |9 72938 
650 0 7 |a therapeutic effects  |2 SNKPHeng  |9 327620 
655 7 |a monografie  |2 SNKPH  |9 70139 
655 7 |a Monographs  |2 SNKPHeng  |9 120675 
700 1 |a Nagy, Milan,  |d 1957-  |4 aut  |9 204750 
852 |a Štátna vedecká knižnica v Banskej Bystrici 
919 |a 978-80-8063-346-2 
958 |a NB 
958 |a MI 
968 |d 61 
999 |c 577144  |d 579074 
952 |a SNK  |b SNK  |y PREZ  |7 0  |p 17A0701292  |o snkSC 145110  |i snk2011/9195  |8 0  |0 0  |1 0  |4 0  |d 2011-04-20  |l 0  |r 2025-07-14 00:00:00  |w 2026-02-23 
952 |a SNK  |b SNK  |y VYP  |7 0  |p 17A0701291  |o snkSC 145110 D1  |i snk2011/9196  |8 0  |0 0  |1 0  |4 0  |d 2011-04-20  |f 1  |l 0  |r 2026-02-23 14:37:27  |w 2026-02-23